000
00343nam a2200145Ia 4500
008
150201s2007 xx 000 0 und d
082
_a
617.525
_b
C2007T
100
_a
THALLER
245
_a
CRANIOFACIAL SURGERY
250
_a
1ST
260
_b
INFORMA HEALTH CARE
_a
U.S.A
_c
2007
300
_a
1-395
650
_a
ORAL SURGERY
942
_2
ddc
_c
BK
999
_c
4155
_d
4155